MDQL
is popping MORE tags! Check the
thread
!
Quizzes
Events
Quiz Creation
Community
Videos
Private Events
Remove Ads
Sign In
Join for FREE
Feedback
Dark Mode
Quiz Categories
Sports
Geography
Music
Movies
Television
Just For Fun
Miscellaneous
History
Literature
Language
Science
Gaming
Entertainment
Religion
Holiday
For Kids
Quiz Lab
Recent
Popular Today
Quiz Kudos Today
Editor Picks
Curator Picks
Quizzes by...
Day
Popularity
Type
Ratings
Length
Year
Community
Subscriptions
Recent Discussions
Orange Saloon
Badges
Playlists
Quests
Create
Leaderboards
Showdown
Live 5
Trivia Bingo
Activity
Puzzle Library
Sporcle Events
Private Events
Virtual Trivia
Globe League
Become a Host
Pub Owners
SporcleCon
Opinionation
Our Games
Videos
Blog
Mobile Apps
Partnerships
Remove Ads and Go Orange
Feedback
Television
TV Characters
TV Show
Sitcom
Network
Friends
Reality Shows
Cast
South Park
Star Trek
The Simpsons
Doctor Who
Television
TV Characters
TV Show
Sitcom
Network
Friends
Reality Shows
Cast
South Park
Star Trek
The Simpsons
Doctor Who
Random Quiz
Search Sporcle
×
Quiz Lab
Quiz Lab
Television
codename
Type in answers that appear in a list
Type in answers that appear in a list
Classic
Best Score? Go Orange.
G.I. Joe Characters Stats
Can you name the G.I. Joe Characters from the Sunbow Series?
By
common_sense
15m
67 Questions
911 Plays
911 Plays
911 Plays
Comments
Comments
Give Quiz Kudos
Give Quiz Kudos
-
- Ratings
hide this ad
Replay
Link that replays current quiz
Next Quiz
Link to next quiz in quiz playlist
You Got
0%
They Got
Avg Score
76%
Avg Friend Score
Upgrade to see
Score Distribution
Jump to the score distribution portion of the page
Score
0/67
Timer
15:00
0
Plays Today
Specialty
Codename
% Correct
First Seargeant (2nd in command)
Duke
98%
Ninja
Snake Eyes
95.1%
Warrent Officer (3rd in command)
Flint
93.6%
G.I. Joe Commanding Officer
Hawk
93.3%
Heavy Machine Gunner and Gourmet Chef
Roadblock
93.1%
Counter Intelligence
Scarlett
92%
Navy SEAL Loudmouth Sailor
Shipwreck
90.5%
Cajun Marine
Gung Ho
89.3%
Helicopter Pilot
Wild Bill
89%
Drill Instructor (4th in command)
Sgt Slaughter
88.9%
Covert Ops Specialist
Lady J
88.6%
Medic
Doc
87.9%
Sky Striker Pilot
Ace
86.8%
Arctic Trooper
Snow Job
86.8%
Dog Handler
Mutt
86.5%
Mountain Trooper
Alpine
86.4%
Desert Trooper
Dusty
85.9%
Missle Specialist
Bazooka
85.7%
Stunt Man and Martial Arts Expert
Quick Kick
85.3%
Drill Seargeant (5th in command)
Beachhead
83.6%
Tracker
Spirit Iron-Knife
82.2%
Communications Officer
Breaker
81.9%
Field Medic
Lifeline
81.9%
Tank Driver
Cover Girl
80.2%
SHARC Driver and Diver
Deep Six
79.7%
Computer Specialist
Mainframe
79.2%
Jungle Trooper
Recondo
78.7%
MP and Dog Handler
Law
78.6%
Firefighter
Barbecue
78.4%
Ranger
Stalker
78%
Flamethrower
Blowtorch
77.7%
Infantry Trooper
Grunt
77.3%
Machine Gunner
Rock N Roll
76.8%
Communications Soldier
Dial Tone
76.5%
Specialty
Codename
% Correct
Paratrooper
Ripcord
76.4%
Navy SEAL
Wet Suit
76.2%
Undercover Agent
Chuckles
76%
Sharp Shooter
Low Light
75.8%
Navy SEAL
Torpedo
74.4%
Intelligence Specialist
Jinx
74%
Marine and Drill Seargeant
Leatherneck
73.7%
Laser Trooper
Sci-Fi
73.6%
Vamp Driver
Clutch
71.9%
Snow Trooper
Iceberg
71.8%
Mine Detector
Tripwire
71.5%
Toxic Waste Handler
Airtight
71.3%
WHALE Pilot
Cutter
71.1%
Explosive Ordinance Disposal
Tunnel Rat
71.1%
Explosives Specialist
Zap
71%
Helicopter Trooper
Airborne
70.8%
Sno-
Cat Driver
Frostbite
70.1%
Half-
Brother of the First Seargeant
Lt Falcon
69%
Tomahawk Pilot
Lift Ticket
68.7%
Tank Commander
Steeler
68.6%
Infantry Trooper
Footloose
67.7%
Havoc Driver
Cross Country
67.3%
Laser Rifle Trooper
Flash
66.9%
Bridge Layer
Tollbooth
66.5%
Former Cobra Viper
Mercer
64.7%
Conquest Pilot
Slipstream
64.5%
Mortar Soldier
Short Fuze
59%
Talks In Sports Metaphors
Big Lob
58.6%
Mauler Driver
Heavy Metal
56.9%
Ex-
Football Player
Red Dog
56.6%
Renegade
Taurus
54.6%
Artilleryman
Thunder
45.7%
Communications Soldier
Sparks
37.8%
Quiz Playlist
Details
Report
Send in Message
Add To Playlist
Classic:
Type in answers that appear in a list
Quiz Source
Last Updated: Feb 16, 2017
Quiz Scoreboard
CHALLENGE
Sign Up to Join the Scoreboard
Show All
Scores
Hide
Comments
May contain spoilers
Recently Published
Image Sorting: Flags VI
by Barbecue
Geography
2m
Find the 'City' Movie
by crazypaving
Movies
60s
Colored Red Africa Blitz
by spor1
Geography
45s
More to Explore
Quiz From the Vault
Featured Blog Post
14 Easter Pick-up Lines to Find Eggs With
hide this ad
You Might Also Like...
Tags
Character
codename
G.I. Joe
joe
Specialty
Today's Top Quizzes in Television
Browse Television
hide this ad
Top Contributed Quizzes in Television
1
Survivor Journey Challenge
2
Brooklyn Nine Nine Logic Puzzle (How-To-Play)
3
Total Drama Characters
4
Phoebe Buffay Quotes
5
Survivor Heroes vs. Villains Logic Puzzle
6
Adjectives in 00s TV Shows
7
Survivor Trivia
8
Game of Thrones: Tywin Lannister Start to Finish
9
Emmerdale Characters (from August 2012)
10
Survivor Logic Puzzle: Heroes vs. Villains
Explore More
Trending Topics
Harry Potter
Anime
Disney
Marvel
NBA
Crossword
Kpop
WWE
Puzzle
Pokémon
NFL
Song
The Office
Country
Soccer
hide this ad
More By:
common_sense
Quiz
Plays
Rating
Category
Featured
Created
Miles Davis Albums
1,314
4.71
Music
Sep 28, 2009
G.I. Joe Characters
911
5.00
Television
Sep 30, 2009
The Roots Discography
147
5.00
Music
Feb 3, 2010
LOL
87
3.00
Music
Oct 4, 2009
Playboy Playmates 09
36
Entertainment
Jan 6, 2010
Go to Creator's Profile
Score Distribution
Quiz Creator Spotlight
common_sense
Follow
Send a Message
Quizzes Created
-
Created Quiz Play Count
-
More By This Creator
Popular Quizzes Today
1
Colored Red Africa Blitz
2
Find the US States - No Outlines Minefield
3
Find the 'City' Movie
4
5x2 Blitz: Bands
5
The Countries of the World
6
Find the US States
7
Find the Countries of Europe - No Outlines Minefield
8
US States
More Television Quizzes
One Word TV Shows (2000s)
Published
Trending Quizzes
Colored Red Europe Blitz I
Colored Red Europe Blitz II
Colored Red Africa Blitz II
Colored Red Europe Blitz III
Colored Red Africa Blitz III
Recently Updated
How Do You Spell That?
pecheneg
Godzilla Movies
pecheneg
Grab Bag: 4-10 Letters
pecheneg
2024 March Madness Bracket
pecheneg
Famous TV Couples
Peacemaker
Champions League XIs: Real Madrid
pecheneg
Largest US Cities 1790-2010
pecheneg
Rides in Walt Disney World
pecheneg
Most Oscar Losses (Acting)
pecheneg
Beyoncé Albums
pecheneg
Trending Topics
Harry Potter
NBA
Anime
Crossword
Disney
Marvel
Kpop
The Office
Soccer
WWE
Puzzle
Pokémon
Song
NFL
Country
Your Account Isn't Verified!
In order to create a playlist on Sporcle, you need to verify the email address you used during registration. Go to your
Sporcle Settings
to finish the process.
Report this User
Report this user for behavior that violates our
Community Guidelines
.
Details:
Send Report
Go to the Sporcle.com Mobile Site →
Comments